MARC

LEADER 00000nam0a2200000 4500
001 35309
005 20231101210308.0
035 |a (RuTPU)RU\TPU\book\35736 
035 |a BOOK00002388 
090 |a 35309 
100 |a 20011210d1986 m y0rusy50 ca 
101 0 |a rus 
102 |a RU 
105 |a y j 000zy 
200 1 |a Общая и региональная геотектоника  |e учебное пособие  |f В. П. Гаврилов 
210 |a Москва  |c Недра  |d 1986 
215 |a 183 с. 
225 1 |a Высшее образование 
606 |a Геотектоника  |2 stltpush  |3 (RuTPU)RU\TPU\subj\6228  |9 34162 
606 |a Геотектоника региональная  |2 stltpush  |3 (RuTPU)RU\TPU\subj\6229  |9 34163 
610 1 |a геология 
610 1 |a тектоника 
610 1 |a Земля 
610 1 |a строение 
610 1 |a земная кора 
610 1 |a тектонические движения 
610 1 |a изучение 
610 1 |a палеотектонический анализ 
610 1 |a литосфера 
610 1 |a развитие 
610 1 |a учебные пособия 
675 |a 551.24(075.8)  |v 3 
675 |a 551.24(4/9)(075.8)  |v 3 
700 1 |a Гаврилов  |b В. П.  |g Виктор Петрович 
801 0 |a RU  |b 63413507  |c 20011210  |g PSBO 
801 2 |a RU  |b 63413507  |c 20200831  |g PSBO 
900 |a Геотектоника и геодинамика 
942 |c BK